Normal view
MARC view
- التربية البدنية - التربية الرياضية - التسويق
Entry Topical Term
001 - CONTROL NUMBER
- control field: 32003
003 - CONTROL NUMBER IDENTIFIER
- control field: JO-AjAnu
005 - DATE AND TIME OF LATEST TRANSACTION
- control field: 20230606075401.0
008 - FIXED-LENGTH DATA ELEMENTS
- fixed length control field: 230606|| aca||aabn | a|a d
040 ## - CATALOGING SOURCE
- Original cataloging agency: JO-AjAnu
- Transcribing agency: JO-AjAnu
150 ## - HEADING--TOPICAL TERM
- Topical term or geographic name entry element: التربية البدنية - التربية الرياضية - التسويق
670 ## - SOURCE DATA FOUND
- Source citation: Work cat.: (JO-AjAnu)16435: الشافعي، حسن أحمد, author 32002, الموسوعة الاقتصادية لاقتصاديات الرياضة: الاستثمار والتسويق في التربية البدنية = SPORT ECONOMICES INVESTMENT, MARKETING PHYICAL EDUCTION AND SPORT